Introduction to databases : (Record no. 154860)

MARC details
000 -LEADER
fixed length control field 00613nam a2200205 a 4500
008 - FIXED-LENGTH DATA ELEMENTS--GENERAL INFORMATION
fixed length control field
049 ## - LOCAL HOLDINGS (OCLC)
Holding library MAIN
090 ## - LOCALLY ASSIGNED LC-TYPE CALL NUMBER (OCLC); LOCAL CALL NUMBER (RLIN)
Classification number (OCLC) (R) ; Classification number, CALL (RLIN) (NR) QA76.9.
003 - CONTROL NUMBER IDENTIFIER
control field
005 - DATE AND TIME OF LATEST TRANSACTION
control field 20230123133811.0
040 ## - CATALOGING SOURCE
Transcribing agency NUST
245 13 - TITLE STATEMENT
Title Introduction to databases :
Remainder of title using microsoft excel/
Statement of responsibility, etc. National Extension College.
260 0# - PUBLICATION, DISTRIBUTION, ETC.
Place of publication, distribution, etc. S.L.:
Name of publisher, distributor, etc. National Extension College,
Date of publication, distribution, etc. 1999.
300 ## - PHYSICAL DESCRIPTION
Extent xii, 72 p. :
Other physical details ill. ;
Dimensions 25 cm. +
Accompanying material CD-ROM.
440 ## - SERIES STATEMENT/ADDED ENTRY--TITLE
Title Learndirect.
500 ## - GENERAL NOTE
General note Includes index.
650 #0 - SUBJECT ADDED ENTRY--TOPICAL TERM
Topical term or geographic name entry element Database management.
907 ## - LOCAL DATA ELEMENT G, LDG (RLIN)
a .b10133550
b 08-11-06
c 19-08-04
942 ## - ADDED ENTRY ELEMENTS (KOHA)
Koha item type Ordinary Loan Books
Call number prefix QA76.9.
Holdings
Date last seen Total Checkouts Full call number Barcode Cost, replacement price Price effective from Koha item type Lost status Source of classification or shelving scheme Damaged status Not for loan Collection Withdrawn status Home library Current library Shelving location Date acquired Cost, normal purchase price
01/23/2023 15 QA76.9 INT 92003029742 80.00 01/23/2023 BOOKS   LCC     NFIC   MAIN MAIN GEN 01/23/2023 80.00